000 00875nam a2200253Ia 4500
003 OSt
005 20220923215155.0
006 a|||||r|||| 00| 0
007 ta
008 220922b |||||||| |||| 00| 0 hin d
024 _a176,349
037 _cTextual
040 _aARTS
_cARTS
_bhin
041 _2hin
_ahin
082 _aO152,1:g, M1
100 _aराय, राम कमल
245 0 _aहिन्दी कविता का वैयक्तिक परिप्रेक्ष्य
246 _aHindī kavitā kā vaiyaktik pariprekṣhya
260 _aइलाहाबाद
_b लोक भारती प्रकाशन
_c1981
300 _a250 पृ.
_ccm.
650 _aहिन्दी साहित्य
_9156264
942 _hO152,1:g, M1
_cTEXL
_2CC
999 _c329899
_d329899